1416 1196 1136 1852 1360 1360 1387 1640 1214 1838 1791 1664 1493 1683 1791 1021 1924 1702 1143 1016 1803 1798 1545 1500 1220 1373 1821 1422 1129 1055 1492 1126 1295 1474 1381 1943 1867 1373 1178 1170 1211 1410 1580 1345 1937 1629 1478 1844 1583 1212 1808 1147 1896 1085 1394 1473 1800 1637 1715 1088 1383 1079 1473 1635 1240 1019 1002 1722 1688 1973 1063 1688 1329 1242 1307 1695 1049 1551 1696 1578 1032 1984 1765 1934 1513 1535 1351 1440 1548 1724 1013 1545 1191 1585 1282 1823 1760 1350 1512 BCNSPRNW ULIB Ver.6.0+V

เปลี่ยนเป็นภาษาไทย

Change to English
 แสดงรายละเอียดบรรณานุกรม
  กลับหน้าหลัก

Brief Record : Get Marc (ISO 2709) : E-mail record : QR code < ปิดหน้าต่าง
LEADER : 00000nam 2200000uu 4500
001    13399114593
003     ULIB
008    120418s2551||||th 000 0 tha d
020    ^a9789741065066
050  4 ^aA^bพ129ส 2551
100 0  ^aพชร สมุทวณิช
245 00 ^a12 เมืองเล็กน่าฮันนีมูน/^cพชร สมุทวณิช
250    ^aพิมพ์ครั้งที่ 2
260    ^aกรุงเทพฯ :^bmars,^c2551
300    ^a188 หน้า
710 1  ^amars
945    ^p180^l0^i15244
995    ^aกัณชพร
999    ^aใช้งานได้ทุกระบบ
รายการนี้ยังไม่มีแท็ก
คุณยังไม่ได้ล็อกอิน คุณสามารถมีกิจกรรมร่วมกับเว็บไซต์ได้ แต่ต้องล็อกอินก่อน ::
  ล็อกอิน

รายการสื่อสารสนเทศ

ลำดับที่ ประเภท เลขเรียก/บาร์โค้ด สถานที่ สถานะ
- ไม่พบข้อมูล -

BibComment


ยังไม่เคยถูกคอมเมนท์

คอมเมนท์ทรัพยากรรายการนี้
  คอมเมนท์: 12 เมืองเล็กน่าฮ..


 Copyright 2026. Bcnsprnw @Library